[Event "Landesliga U20 Sued 1011"]
[Site "Bayern"]
[Date "2010.12.04"]
[Round "3.1"]
[White "Scholz, Marc"]
[Black "Dauer, Maximilian"]
[Result "0-1"]
[WhiteElo "1514"]
[BlackElo "1943"]
[PlyCount "52"]
[EventDate "2010.10.16"]
[EventType "team-tourn"]
[EventRounds "7"]
[EventCountry "GER"]
[SourceTitle "EXT 2022"]
[Source "ChessBase"]
[SourceDate "2021.10.06"]
[SourceVersion "1"]
[SourceVersionDate "2021.10.06"]
[SourceQuality "1"]
[WhiteTeam "Muenchen Tarrasch U20"]
[BlackTeam "Koetz/Ichenhausen U20"]
[WhiteTeamCountry "GER"]
[BlackTeamCountry "GER"]

1. d4 d5 2. Nc3 Nf6 3. Bg5 Bf5 4. f3 Nbd7 5. g4 Bg6 6. h4 h6 7. Bxf6 Nxf6 8. Bh3 e6 9. g5 hxg5 10. hxg5 Nh5 11. Bg4 Qxg5 12. e4 Bb4 13. Qd2 Qxd2+ 14. Kxd2 dxe4 15. fxe4 0-0-0 16. Nge2 Nf6 17. Bf3 Nxe4+ 18. Bxe4 Bxe4 19. Rxh8 Rxh8 20. a3 Bxc3+ 21. Nxc3 Rh2+ 22. Ke3 Bxc2 23. Rc1 c6 24. Ne2 Bf5 25. Nf4 Kd7 26. Rg1 g6 0-1

[Event "Landesliga U20 Sued 1011"]
[Site "Bayern"]
[Date "2010.10.16"]
[Round "1.3"]
[White "Castell, Patrick"]
[Black "Scholz, Marc"]
[Result "1/2-1/2"]
[WhiteElo "1497"]
[BlackElo "1514"]
[PlyCount "37"]
[EventDate "2010.10.16"]
[EventType "team-tourn"]
[EventRounds "7"]
[EventCountry "GER"]
[SourceTitle "EXT 2022"]
[Source "ChessBase"]
[SourceDate "2021.10.06"]
[SourceVersion "1"]
[SourceVersionDate "2021.10.06"]
[SourceQuality "1"]
[WhiteTeam "Muenchen Suedost SK U20"]
[BlackTeam "Muenchen Tarrasch U20"]
[WhiteTeamCountry "GER"]
[BlackTeamCountry "GER"]

1. e4 e6 2. d4 d5 3. exd5 exd5 4. Bd3 Nc6 5. c3 Nf6 6. Bf4 Bd6 7. Bxd6 Qxd6 8. Nf3 Bg4 9. Nbd2 Qe6+ 10. Qe2 Qxe2+ 11. Bxe2 0-0 12. 0-0 Ne4 13. Rfe1 Rfe8 14. Nxe4 Rxe4 15. Bd3 Rxe1+ 16. Rxe1 Bxf3 17. gxf3 g6 18. Kg2 f5 19. Bb5 1/2-1/2